Las llaves del campo / (Record no. 94225)

MARC details
000 -LEADER
campo de control de longitud fija 00865nam a22002411 4500
001 - NÚMERO DE CONTROL
campo de control 94225
003 - IDENTIFICADOR DE NÚMERO DE CONTROL
campo de control ES-MaACL
005 - FECHA Y HORA DE LA ÚLTIMA TRANSACCIÓN
campo de control 20230906181429.0
007 - CAMPO FIJO DE DESCRIPCIÓN FÍSICA--INFORMACIÓN GENERAL
campo de control de longitud fija t|
008 - DATOS DE LONGITUD FIJA--INFORMACIÓN GENERAL
campo de control de longitud fija 930725s1906 sp ||||0| spa d
016 7# - NÚMERO DE CONTROL DE UNA AGENCIA BIBLIOGRÁFICA NACIONAL
Número de control cancelado/no válido IND9300618344
040 ## - FUENTE DE CATALOGACIÓN
Centro catalogador/agencia de origen M-BN
Lengua de catalogación spa
Centro/agencia transcriptor A2
100 1# - ENTRADA PRINCIPAL--NOMBRE DE PERSONA
Nombre de persona Morelle, Fréderic-Auguste-Jules-Marie.
9 (RLIN) 83250
245 14 - MENCIÓN DEL TÍTULO
Título Las llaves del campo /
Mención de responsabilidad, etc. Comandante Morelle. Traducida... por D. Antonio Padró.
260 ## - PUBLICACIÓN, DISTRIBUCIÓN, ETC.
Lugar de publicación, distribución, etc. Barcelona :
Nombre del editor, distribuidor, etc. Revista Científico-Militar,
Fecha de publicación, distribución, etc. 1906.
300 ## - DESCRIPCIÓN FÍSICA
Extensión 2 part. en 1 v :
Otras características físicas lám., plan ;
Dimensiones 23 cm.
490 1# - MENCIÓN DE SERIE
Mención de serie Publicaciones de la Revista Científico Militar y Biblioteca Militar
650 14 - PUNTO DE ACCESO ADICIONAL DE MATERIA--TÉRMINO DE MATERIA
Término de materia o nombre geográfico como elemento de entrada Artillería de campaña.
9 (RLIN) 10357
700 1# - ENTRADA AGREGADA--NOMBRE PERSONAL
Nombre de persona Padró, A.
9 (RLIN) 88202
830 0# - PUNTO DE ACCESO ADICIONAL DE SERIE-TÍTULO UNIFORME
Título uniforme Publicaciones de la Revista Científico Militar y Biblioteca Militar
9 (RLIN) 183232
852 ## - LOCALIZACIÓN
Ubicación ES-MaACL
Número de control de estantería G-9357(1)
Holdings
Estatus retirado Estado de pérdida Estado de daño No para préstamo Biblioteca de origen Biblioteca actual Ubicación en estantería Fecha de adquisición Fuente de adquisición Total de préstamos Signatura topográfica completa Código de barras Visto por última vez Precio de reemplazo Tipo de ítem Koha
        Biblioteca del Ateneo de Madrid Biblioteca del Ateneo de Madrid Sala Pecera Planta 3 17/01/2008     G-9357(1) 1098412 23/02/2023 23/02/2023 Libro impreso